000 00429nam a2200181Ia 4500
008 230524s9999 xx 000 0 und d
020 _a8126505788
082 _a4.133
_bKLE
100 _aNicholas A.Solter
245 0 _aProfessional C++
250 _aIST
260 _aNEW DELHI
_bJohn Wiley
_c2008
300 _aXVII;813
500 _aQuantity Number: 2
650 _aComp-Sc
700 _a Scott J.Kleper
942 _cBK
999 _c41840
_d41840